Movies of 2014 Quiz Stats

 Plays Quiz Updated Oct 15, 2019

Score 0/20 Timer 07:00
0 Plays Today
Picture Movie % Correct
2The Lego Movie
96.4%
9Guardians of the Galaxy
87.3%
1American Sniper
82.3%
12Big Hero 6
80.6%
8Maleficent
80.4%
16John Wick
80.3%
3Birdman or (The Unexpected Virtue of Ignorance)
79.4%
6Paddington
78.9%
20Interstellar
68.1%
11Gone Girl
67.4%
Picture Movie % Correct
5The Theory of Everything
62.5%
14The Grand Budapest Hotel
61%
17The Imitation Game
59.2%
10Whiplash
56%
4Selma
49.5%
18Edge of Tomorrow
42.1%
19Ride Along
41.4%
15Foxcatcher
38.4%
13X-Men: Days of Future Past
37.8%
7Boyhood
37.6%

You're not logged in!

Compare scores with friends on all Sporcle quizzes.
OR
Log In

Sporcle TV

Today on Sporcle TV


Watch our educational content, quiz creation guides, and fun videos on Sporcle TV.

Show Comments

Extras

Top Quizzes Today


Score Distribution

Your Account Isn't Verified!

In order to create a playlist on Sporcle, you need to verify the email address you used during registration. Go to your Sporcle Settings to finish the process.

Report this User

Report this user for behavior that violates our Community Guidelines.

Details: